| 000 | 01156 aa a2200253 4500 | ||
|---|---|---|---|
| 005 | 20090825102923.0 | ||
| 008 | 080916t xxu||||| |||| 00| 0 hin d | ||
| 010 | _aHIN-87873 | ||
| 020 |
_c450.00 _a8179101274 |
||
| 035 | _aHN-60219 | ||
| 037 | _bDBAD / PUB | ||
| 040 |
_aDPL _bHN |
||
| 082 | _a240 | ||
| 100 | _aनिर्मला गोदीका | ||
| 245 |
_aजैन धर्म एवं संस्कृति / _cनिर्मला गोदीका |
||
| 246 |
_aJain dharm evam sanskriti _bby Nirmla Godika |
||
| 260 |
_aजयपुर _bआविष्कार पब्लिशर्स _c2005 |
||
| 270 |
_a807, व्यास बिल्डिंग ,चौड़ा रास्ता _bजयपुर _e302003 (राज.) _k0141-2578159 |
||
| 300 |
_axiv,202पृ _c22 सेमी (सजिल्द) |
||
| 650 | _aजैन धर्म | ||
| 650 | _aJainism | ||
| 942 |
_adpl _cHN _2ddc _mनिर्मला _h240 |
||
| 999 |
_c29533 _d29533 |
||